000
00208 a2200097 4500
245
_a
Genes For Africa
_h
Text
020
_a
1919713573
100
_a
Jennifer A Thompson
650
_a
AGRICULTURE
005
20191021095813.0
084
_a
NONE
999
_c
12700
_d
12700